[Event "Las Vegas National op"]
[Site "Las Vegas"]
[Date "2021.06.16"]
[Round "1"]
[White "Grabinsky, Joshua"]
[Black "Akopian, Vladimir Eduardovic"]
[Result "1/2-1/2"]
[WhiteElo "2251"]
[BlackElo "2638"]
[PlyCount "120"]
[EventDate "2021.06.16"]
[EventType "swiss"]
[EventRounds "9"]
[EventCountry "USA"]
[SourceTitle "CBM 203 Extra"]
[Source "ChessBase"]
[SourceDate "2021.09.30"]
[SourceVersion "1"]
[SourceVersionDate "2021.09.30"]
[SourceQuality "1"]

1. e4 d6 2. d4 g6 3. Nc3 c6 4. Be3 Bg7 5. a4 a5 6. Qd2 Na6 7. f4 Nb4 8. Nf3 Nf6 9. Be2 0-0 10. h3 b6 11. g4 d5 12. e5 Ne4 13. Nxe4 dxe4 14. Ng5 f5 15. gxf5 Bxf5 16. Bg4 Qd5 17. Bxf5 Rxf5 18. Qg2 Bh6 19. h4 Qc4 20. Rc1 Nd5 21. Qxe4 Raf8 22. Rf1 Bxg5 23. hxg5 Nxe3 24. Qxe3 Qxa4 25. b3 Qb4+ 26. Ke2 a4 27. bxa4 Qxa4 28. Qb3+ Qxb3 29. cxb3 Rxf4 30. Rxf4 Rxf4 31. Ke3 Rg4 32. Rxc6 Rxg5 33. Rxb6 h5 34. Rb8+ Kg7 35. b4 h4 36. Re8 Kf7 37. Rh8 Rg3+ 38. Ke4 Rg4+ 39. Ke3 Kg7 40. Re8 Kf7 41. Rh8 g5 42. b5 Kg7 43. Rh5 e6 44. b6 Rg3+ 45. Ke4 Kg6 46. Rh8 Rb3 47. d5 Rb4+ 48. Kf3 exd5 49. e6 g4+ 50. Kg2 Rb2+ 51. Kf1 Rb1+ 52. Kg2 Kf6 53. e7 Kxe7 54. b7 h3+ 55. Kg3 Rb3+ 56. Kxg4 h2 57. Rxh2 Kd6 58. Rh7 Kc6 59. Kf4 Rxb7 60. Rxb7 Kxb7 1/2-1/2

[Event "Denker Memorial 26th"]
[Site "Chess.com INT"]
[Date "2020.07.26"]
[Round "4"]
[White "Grabinsky, Joshua"]
[Black "Moor, Nathaniel Philip"]
[Result "1-0"]
[WhiteElo "2251"]
[BlackElo "1603"]
[PlyCount "71"]
[EventDate "2020.07.25"]
[EventType "swiss"]
[EventRounds "6"]
[EventCountry "USA"]
[SourceTitle "EXT 2021"]
[Source "ChessBase"]
[SourceDate "2020.10.23"]
[SourceVersion "1"]
[SourceVersionDate "2020.10.23"]
[SourceQuality "1"]

1. e4 c5 2. Nf3 d6 3. d4 cxd4 4. Nxd4 Nf6 5. Nc3 a6 6. h3 e5 7. Nde2 Be7 8. g4 Be6 9. Bg2 Nc6 10. 0-0 g5 11. Bxg5 Rg8 12. Bxf6 Bxf6 13. Ng3 Qd7 14. Nd5 Bxd5 15. exd5 Ne7 16. Be4 Bg5 17. Bxh7 Rh8 18. Qd3 Nxd5 19. Bf5 Qb5 20. c4 Nf4 21. cxb5 Nxh3+ 22. Kg2 Nf4+ 23. Kf3 Nxd3 24. Bxd3 d5 25. Kg2 a5 26. Rae1 Bf4 27. Nh5 0-0-0 28. Nxf4 exf4 29. Re7 Rhf8 30. Rc1+ Kb8 31. Rcc7 Rd6 32. Rxb7+ Kc8 33. Ra7 Kd8 34. Reb7 Ke8 35. b6 f5 36. Rb8+ 1-0

[Event "Denker Memorial 26th"]
[Site "Chess.com INT"]
[Date "2020.07.25"]
[Round "3"]
[White "Balakrishnan, Praveen"]
[Black "Grabinsky, Joshua"]
[Result "1-0"]
[WhiteElo "2498"]
[BlackElo "2251"]
[PlyCount "65"]
[EventDate "2020.07.25"]
[EventType "swiss"]
[EventRounds "6"]
[EventCountry "USA"]
[SourceTitle "EXT 2021"]
[Source "ChessBase"]
[SourceDate "2020.10.23"]
[SourceVersion "1"]
[SourceVersionDate "2020.10.23"]
[SourceQuality "1"]

1. e4 e5 2. Nf3 Nf6 3. Nxe5 d6 4. Nf3 Nxe4 5. Nc3 Nxc3 6. dxc3 Be7 7. Be3 Nc6 8. Qd2 Ne5 9. 0-0-0 Be6 10. Nd4 Qd7 11. Bf4 0-0-0 12. Kb1 Bf6 13. Bb5 c6 14. Nxe6 Qxe6 15. Ba4 Nc4 16. Qd3 d5 17. Rhe1 Qg4 18. g3 Rde8 19. b3 Ne5 20. Qf1 g5 21. Be3 Kb8 22. Rd4 Qc8 23. Rb4 Be7 24. Qa6 c5 25. Bxe8 Rxe8 26. Rb5 Ka8 27. Qa5 Nf3 28. Rd1 d4 29. cxd4 cxd4 30. Rxd4 Nxd4 31. Bxd4 a6 32. Qb6 Qb8 33. Ra5 1-0

[Event "Denker Memorial 26th"]
[Site "Chess.com INT"]
[Date "2020.07.25"]
[Round "2"]
[White "Grabinsky, Joshua"]
[Black "Bareket, Tom"]
[Result "1-0"]
[WhiteElo "2251"]
[BlackElo "1883"]
[PlyCount "75"]
[EventDate "2020.07.25"]
[EventType "swiss"]
[EventRounds "6"]
[EventCountry "USA"]
[SourceTitle "EXT 2021"]
[Source "ChessBase"]
[SourceDate "2020.10.23"]
[SourceVersion "1"]
[SourceVersionDate "2020.10.23"]
[SourceQuality "1"]

1. b3 e5 2. Bb2 Nc6 3. e3 d5 4. Nf3 Bd6 5. c4 Nf6 6. d4 exd4 7. Nxd4 Nxd4 8. Qxd4 Bb4+ 9. Bc3 Qd6 10. a3 Bxc3+ 11. Nxc3 Be6 12. c5 Qe7 13. Bd3 0-0 14. 0-0 Rfe8 15. b4 Rad8 16. Rfc1 Ng4 17. h3 Nh6 18. Qf4 a6 19. Ne2 Bc8 20. Nd4 Qe5 21. Qxe5 Rxe5 22. a4 g6 23. a5 c6 24. Bxa6 bxa6 25. Nxc6 Ree8 26. Nxd8 Rxd8 27. b5 d4 28. b6 dxe3 29. c6 Nf5 30. b7 Bxb7 31. cxb7 Nd6 32. Rab1 exf2+ 33. Kxf2 Rb8 34. Rb6 Rxb7 35. Rxd6 Rb2+ 36. Kg3 Rb3+ 37. Kh2 Rc3 38. Rxc3 1-0

[Event "Titled Tuesday intern op 14th July"]
[Site "Chess.com INT"]
[Date "2020.07.14"]
[Round "2"]
[White "Cruz Mendez, Jean Marcos"]
[Black "Grabinsky, Joshua"]
[Result "0-1"]
[WhiteElo "2018"]
[BlackElo "2251"]
[PlyCount "84"]
[EventDate "2020.07.14"]
[EventType "swiss (blitz)"]
[EventRounds "10"]
[EventCountry "USA"]
[SourceTitle "CBM 197 Extra"]
[Source "ChessBase"]
[SourceDate "2020.09.30"]
[SourceVersion "1"]
[SourceVersionDate "2020.09.30"]
[SourceQuality "1"]

1. d4 c5 2. e3 cxd4 3. exd4 d6 4. Nf3 Nf6 5. Bd3 g6 6. 0-0 Bg7 7. c3 0-0 8. h3 Nc6 9. Bg5 Bd7 10. Nbd2 Rc8 11. Re1 Re8 12. Ne4 Nxe4 13. Bxe4 Qc7 14. d5 Ne5 15. Nxe5 Bxe5 16. Qd2 b5 17. Bf4 Bg7 18. Rac1 Qa5 19. a3 Qb6 20. Bh6 a5 21. Bxg7 Kxg7 22. h4 h5 23. g3 Rc7 24. Kg2 Rec8 25. Bd3 e5 26. Kh2 b4 27. axb4 axb4 28. c4 Qd4 29. b3 Ra8 30. Re4 Qa7 31. Ree1 Qa2 32. Rc2 Qxb3 33. Kg2 Ra3 34. Re3 Qa4 35. Rf3 Bg4 36. Re3 b3 37. Rb2 Ra2 38. f3 Bc8 39. Re2 Rxb2 40. Qxb2 Ba6 41. f4 Bxc4 42. Bxc4 Qxc4 0-1

[Event "Titled Tuesday intern op 14th July"]
[Site "Chess.com INT"]
[Date "2020.07.14"]
[Round "1"]
[White "Grabinsky, Joshua"]
[Black "Kalavannan, Koby"]
[Result "0-1"]
[WhiteElo "2251"]
[BlackElo "2324"]
[PlyCount "66"]
[EventDate "2020.07.14"]
[EventType "swiss (blitz)"]
[EventRounds "10"]
[EventCountry "USA"]
[SourceTitle "CBM 197 Extra"]
[Source "ChessBase"]
[SourceDate "2020.09.30"]
[SourceVersion "1"]
[SourceVersionDate "2020.09.30"]
[SourceQuality "1"]

1. e4 c5 2. Be2 Nc6 3. f4 g6 4. Nf3 Bg7 5. d3 e6 6. c3 Nge7 7. Be3 b6 8. 0-0 d5 9. Na3 0-0 10. Nc2 Bb7 11. Qe1 Rc8 12. Rd1 d4 13. Bd2 b5 14. g4 Qb6 15. Kh1 Rcd8 16. Qh4 f6 17. Nfe1 Qc7 18. Rf3 Rf7 19. Rh3 Bf8 20. cxd4 cxd4 21. Rc1 f5 22. gxf5 exf5 23. Nf3 fxe4 24. Ng5 Nf5 25. Qg4 e3 26. Be1 Ne5+ 27. Kg1 Nxg4 28. Nxf7 Nf2 29. Rxh7 Kxh7 30. Nxd8 Nh3+ 31. Kf1 Qxf4+ 32. Bf3 Qxf3+ 33. Bf2 Qxf2# 0-1

[Event "Titled Tuesday intern op 7th July"]
[Site "Chess.com INT"]
[Date "2020.07.07"]
[Round "1"]
[White "Saric, Ivan"]
[Black "Grabinsky, Joshua"]
[Result "1-0"]
[WhiteElo "2646"]
[BlackElo "2251"]
[PlyCount "61"]
[EventDate "2020.07.07"]
[EventType "swiss (blitz)"]
[EventRounds "10"]
[EventCountry "USA"]
[SourceTitle "CBM 197 Extra"]
[Source "ChessBase"]
[SourceDate "2020.09.30"]
[SourceVersion "1"]
[SourceVersionDate "2020.09.30"]
[SourceQuality "1"]

1. e4 e6 2. d4 d5 3. Nc3 Bb4 4. e5 c5 5. a3 Bxc3+ 6. bxc3 Qc7 7. Qg4 f5 8. Qg3 Nc6 9. Nf3 cxd4 10. Bb5 dxc3 11. Bxc6+ bxc6 12. 0-0 Ba6 13. Re1 c5 14. Rb1 d4 15. Ng5 Bc4 16. Qf3 Bd5 17. Nxe6 Bxf3 18. Nxc7+ Kd7 19. Nxa8 Bxa8 20. e6+ Ke7 21. Rb8 Bd5 22. Bg5+ Kd6 23. e7 Bc6 24. Rd8+ Kc7 25. Bf4+ Kb7 26. Rb8+ Ka6 27. e8Q Bxe8 28. Rexe8 c4 29. Re6+ Ka5 30. Bc7+ Ka4 31. Ra6# 1-0

[Event "Titled Tuesday intern op 30th June"]
[Site "Chess.com INT"]
[Date "2020.06.30"]
[Round "9"]
[White "Grabinsky, Joshua"]
[Black "Kobo, Ori"]
[Result "0-1"]
[WhiteElo "2251"]
[BlackElo "2449"]
[PlyCount "56"]
[EventDate "2020.06.30"]
[EventType "swiss (blitz)"]
[EventRounds "10"]
[EventCountry "USA"]
[SourceTitle "CBM 197 Extra"]
[Source "ChessBase"]
[SourceDate "2020.09.30"]
[SourceVersion "1"]
[SourceVersionDate "2020.09.30"]
[SourceQuality "1"]

1. e4 g6 2. d4 Bg7 3. Nf3 d6 4. Nc3 Nf6 5. Be2 0-0 6. h3 c6 7. Be3 Nbd7 8. a4 Qc7 9. Qd2 b6 10. 0-0 Bb7 11. a5 b5 12. Bd3 a6 13. g4 c5 14. g5 b4 15. gxf6 bxc3 16. bxc3 Nxf6 17. d5 c4 18. Bb6 Qc8 19. Be2 Nxe4 20. Qe3 Nxc3 21. Rae1 Nxd5 22. Qg5 Qxh3 23. Bxc4 Qxf3 24. Re3 Nxe3 25. fxe3 Qh1+ 26. Kf2 Qh2+ 27. Ke1 Bc3+ 28. Kd1 Qd2# 0-1

[Event "Titled Tuesday intern op 30th June"]
[Site "Chess.com INT"]
[Date "2020.06.30"]
[Round "6"]
[White "Tserendorj, Batsaikhan"]
[Black "Grabinsky, Joshua"]
[Result "1-0"]
[WhiteElo "2011"]
[BlackElo "2251"]
[PlyCount "141"]
[EventDate "2020.06.30"]
[EventType "swiss (blitz)"]
[EventRounds "10"]
[EventCountry "USA"]
[SourceTitle "CBM 197 Extra"]
[Source "ChessBase"]
[SourceDate "2020.09.30"]
[SourceVersion "1"]
[SourceVersionDate "2020.09.30"]
[SourceQuality "1"]

1. e4 e6 2. d4 d5 3. Nc3 Bb4 4. exd5 exd5 5. Bd3 c6 6. Nge2 Ne7 7. 0-0 0-0 8. f3 Bf5 9. Bf4 Bd6 10. g4 Bxd3 11. Qxd3 f5 12. Rae1 Ng6 13. Bxd6 Qxd6 14. gxf5 Nh4 15. Ng3 Nd7 16. Re6 Qf4 17. Re7 Rad8 18. Rxg7+ Kh8 19. Rg4 Qh6 20. Nce2 Nf6 21. Rf4 Rg8 22. Kh1 Rde8 23. Rg1 Re7 24. Qd1 Rge8 25. Qf1 Rxe2 26. Nxe2 Rxe2 27. Rxh4 Qd2 28. Qh3 Re1 29. Qg3 Rxg1+ 30. Qxg1 Qxc2 31. Rh3 Ne4 32. f6 Nf2+ 33. Kg2 Nxh3+ 34. Kxh3 Qf5+ 35. Qg4 Qxf6 36. Qc8+ Kg7 37. Qxb7+ Kh6 38. Qxa7 Qxf3+ 39. Kh4 Qf4+ 40. Kh3 Qf5+ 41. Kg3 Qg6+ 42. Kf2 Qe6 43. Qb6 Kg6 44. Kg2 h5 45. Kf2 h4 46. Qc5 h3 47. Qc2+ Kg5 48. Qd3 Kf6 49. Qf3+ Ke7 50. Qe3 Kd6 51. Qxe6+ Kxe6 52. Kg3 Kf5 53. Kxh3 Ke4 54. Kg4 Kxd4 55. h4 Ke3 56. h5 d4 57. h6 d3 58. h7 d2 59. h8Q d1Q+ 60. Kf5 Qd3+ 61. Ke6 Qd5+ 62. Ke7 Qc5+ 63. Kd7 Qa7+ 64. Kd6 Qxa2 65. Qh3+ Kd4 66. Qc3+ Ke4 67. Qxc6+ Ke3 68. Qc3+ Ke4 69. b4 Qa6+ 70. Qc6+ Kd4 71. Qxa6 1-0

[Event "Titled Tuesday intern op 23rd June"]
[Site "Chess.com INT"]
[Date "2020.06.23"]
[Round "8"]
[White "Dang, Hoang Son"]
[Black "Grabinsky, Joshua"]
[Result "0-1"]
[WhiteElo "2346"]
[BlackElo "2251"]
[PlyCount "90"]
[EventDate "2020.06.23"]
[EventType "swiss (blitz)"]
[EventRounds "10"]
[EventCountry "USA"]
[SourceTitle "CBM 197 Extra"]
[Source "ChessBase"]
[SourceDate "2020.09.30"]
[SourceVersion "1"]
[SourceVersionDate "2020.09.30"]
[SourceQuality "1"]

1. d4 c5 2. c4 cxd4 3. Qxd4 Nc6 4. Qd2 e5 5. a3 Nf6 6. Nc3 a5 7. b3 Bc5 8. e3 d6 9. g3 0-0 10. Bg2 Bf5 11. Bb2 Rc8 12. Nge2 Re8 13. h3 h5 14. g4 hxg4 15. Ng3 Bg6 16. hxg4 Nxg4 17. Nd5 Ne7 18. Bh3 f5 19. f3 Nxd5 20. Qxd5+ Bf7 21. Qd3 Nxe3 22. Nxf5 Nxf5 23. Bxf5 Rc7 24. 0-0-0 b5 25. Bh7+ Kf8 26. Kb1 bxc4 27. Qf5 Qf6 28. Qg4 cxb3 29. Be4 d5 30. Rh8+ Ke7 31. Rxe8+ Kxe8 32. Bd3 d4 33. Rh1 Ke7 34. Bc1 Qe6 35. Qh4+ Kd7 36. Qg5 Kc6 37. Be4+ Kb6 38. Bb2 Bxa3 39. Qxg7 Bxb2 40. Kxb2 Qc4 41. Qf6+ Ka7 42. Qxe5 Qc3+ 43. Kb1 b2 44. Qb5 Qc1+ 45. Rxc1 bxc1Q# 0-1

[Event "Titled Tuesday intern op 23rd June"]
[Site "Chess.com INT"]
[Date "2020.06.23"]
[Round "4"]
[White "Grabinsky, Joshua"]
[Black "Djordjevic, Vuk D"]
[Result "1-0"]
[WhiteElo "2251"]
[BlackElo "2347"]
[PlyCount "121"]
[EventDate "2020.06.23"]
[EventType "swiss (blitz)"]
[EventRounds "10"]
[EventCountry "USA"]
[SourceTitle "CBM 197 Extra"]
[Source "ChessBase"]
[SourceDate "2020.09.30"]
[SourceVersion "1"]
[SourceVersionDate "2020.09.30"]
[SourceQuality "1"]

1. e4 e6 2. d4 d5 3. Bd3 c5 4. exd5 exd5 5. dxc5 Bxc5 6. Nf3 Nf6 7. 0-0 0-0 8. Bg5 h6 9. Bh4 Bg4 10. Nbd2 Nc6 11. Be2 Re8 12. Nb3 Bd6 13. Bg3 Ne4 14. Bxd6 Qxd6 15. c3 Re7 16. Nfd4 Bxe2 17. Nxe2 Rae8 18. Ng3 g6 19. Qd3 Nf6 20. Rad1 h5 21. f3 Re3 22. Qb1 Ne5 23. Rfe1 Qb6 24. Nd4 Nc4 25. b3 Na3 26. Qc1 Rxe1+ 27. Rxe1 Rxe1+ 28. Qxe1 Nb5 29. Nge2 Qc5 30. a4 Nd6 31. Qd2 a6 32. Qd3 Kg7 33. g3 Qb6 34. Kg2 Qc7 35. Nf4 Qe7 36. Nde2 Nf5 37. Kf2 Qc5+ 38. Nd4 Nxd4 39. Qxd4 Qxd4+ 40. cxd4 Kf8 41. Nd3 Nd7 42. Ke3 Ke7 43. Nc5 Kd6 44. Nd3 b6 45. g4 Nf6 46. h3 hxg4 47. fxg4 Ne4 48. Ne5 Ke6 49. h4 Nd6 50. Kf4 b5 51. h5 gxh5 52. gxh5 bxa4 53. bxa4 Kf6 54. Ng4+ Kg7 55. Ke5 Nc4+ 56. Kxd5 Nb6+ 57. Kc6 Nxa4 58. d5 f5 59. d6 Nc3 60. d7 fxg4 61. d8Q 1-0

[Event "Titled Tuesday intern op 23rd June"]
[Site "Chess.com INT"]
[Date "2020.06.23"]
[Round "10"]
[White "Grabinsky, Joshua"]
[Black "Tristan, Leonardo"]
[Result "1-0"]
[WhiteElo "2251"]
[BlackElo "2535"]
[PlyCount "61"]
[EventDate "2020.06.23"]
[EventType "swiss (blitz)"]
[EventRounds "10"]
[EventCountry "USA"]
[SourceTitle "CBM 197 Extra"]
[Source "ChessBase"]
[SourceDate "2020.09.30"]
[SourceVersion "1"]
[SourceVersionDate "2020.09.30"]
[SourceQuality "1"]

1. e4 e5 2. Nf3 Nc6 3. d4 exd4 4. Nxd4 Bb4+ 5. c3 Bc5 6. Be3 Bb6 7. Nd2 Nf6 8. Bd3 0-0 9. 0-0 d6 10. a4 Ng4 11. Nxc6 bxc6 12. Bxb6 axb6 13. Be2 Qg5 14. f4 Qh4 15. Bxg4 Bxg4 16. Qe1 Qxe1 17. Rfxe1 Bd7 18. b4 c5 19. a5 Bc6 20. axb6 cxb6 21. Rxa8 Rxa8 22. Nc4 f5 23. exf5 Ra2 24. Nxd6 Rxg2+ 25. Kf1 Rxh2 26. bxc5 bxc5 27. Re7 Rh4 28. Rc7 Rxf4+ 29. Ke2 Ba4 30. Rc8+ Be8 31. Rxe8# 1-0

[Event "Titled Tuesday intern op 9th June"]
[Site "Chess.com INT"]
[Date "2020.06.09"]
[Round "10"]
[White "Arnold, Max"]
[Black "Grabinsky, Joshua"]
[Result "1-0"]
[WhiteElo "2305"]
[BlackElo "2251"]
[PlyCount "47"]
[EventDate "2020.06.09"]
[EventType "swiss (blitz)"]
[EventRounds "10"]
[EventCountry "USA"]
[SourceTitle "CBM 196 Extra"]
[Source "ChessBase"]
[SourceDate "2020.07.31"]
[SourceVersion "1"]
[SourceVersionDate "2020.07.31"]
[SourceQuality "1"]

1. e4 e6 2. d4 d5 3. e5 c5 4. c3 cxd4 5. cxd4 Nc6 6. Nf3 Nge7 7. Nc3 Nf5 8. Be2 h5 9. 0-0 h4 10. h3 a6 11. Bg5 Be7 12. Bxe7 Qxe7 13. a3 Bd7 14. b4 b5 15. Qd2 0-0-0 16. a4 Qxb4 17. Rfb1 Qe7 18. axb5 axb5 19. Nxb5 Rdg8 20. Na7+ Nxa7 21. Rxa7 g5 22. Ba6+ Kd8 23. Rb8+ Bc8 24. Rxc8# 1-0

[Event "Titled Tuesday intern op 9th June"]
[Site "Chess.com INT"]
[Date "2020.06.09"]
[Round "3"]
[White "Javakhadze, Zurab"]
[Black "Grabinsky, Joshua"]
[Result "1-0"]
[WhiteElo "2454"]
[BlackElo "2251"]
[PlyCount "185"]
[EventDate "2020.06.09"]
[EventType "swiss (blitz)"]
[EventRounds "10"]
[EventCountry "USA"]
[SourceTitle "CBM 196 Extra"]
[Source "ChessBase"]
[SourceDate "2020.07.31"]
[SourceVersion "1"]
[SourceVersionDate "2020.07.31"]
[SourceQuality "1"]

1. c4 c5 2. Nc3 Nc6 3. e3 e5 4. Nf3 g6 5. d4 exd4 6. exd4 cxd4 7. Nxd4 Bg7 8. Ndb5 Qe7+ 9. Be2 Be5 10. Nd5 Qd8 11. 0-0 a6 12. Nbc3 Nge7 13. Bh6 Nf5 14. Bf4 0-0 15. Bxe5 Nxe5 16. Re1 d6 17. Bf1 Be6 18. Qd2 Rc8 19. b3 Qa5 20. Rad1 Kg7 21. Nf4 Rfd8 22. Nxe6+ fxe6 23. h3 Kf7 24. f4 Nc6 25. Ne4 h6 26. Qxa5 Nxa5 27. g4 Nh4 28. Kf2 d5 29. Nd2 g5 30. Kg3 Ng6 31. fxg5 hxg5 32. Nf3 Kf6 33. cxd5 Rxd5 34. Rxd5 exd5 35. Bd3 Nf4 36. Bf5 Rc3 37. h4 Nh5+ 38. Kf2 Ng7 39. hxg5+ Kf7 40. Ne5+ Kg8 41. Bg6 Nc6 42. Nd7 d4 43. Nf6+ Kf8 44. Be4 Ne6 45. Bxc6 Rxc6 46. Nd7+ Kg7 47. Ne5 Rc2+ 48. Re2 Rxe2+ 49. Kxe2 Nxg5 50. Kd3 Kf6 51. Nd7+ Ke6 52. Nc5+ Kd5 53. Nxb7 Ne4 54. Na5 Nc5+ 55. Kd2 Ke4 56. Nc6 Ne6 57. b4 Ng5 58. a4 Nf3+ 59. Kd1 d3 60. b5 axb5 61. axb5 Ke3 62. b6 Ng1 63. b7 Ne2 64. b8Q Nc3+ 65. Kc1 d2+ 66. Kc2 d1Q+ 67. Kxc3 Qc1+ 68. Kb4 Qb2+ 69. Kc5 Qc3+ 70. Kd6 Qd3+ 71. Kc7 Qh7+ 72. Kc8 Qg6 73. Qe5+ Kf2 74. Qf4+ Kg2 75. Ne5 Qe8+ 76. Kc7 Qe7+ 77. Kc6 Qe6+ 78. Kc5 Qe7+ 79. Kd5 Qb7+ 80. Ke6 Qc8+ 81. Kf6 Qf8+ 82. Kg5 Qg7+ 83. Ng6 Kh3 84. Qf3+ Kh2 85. Qf6 Qd7 86. Ne5 Qd2+ 87. Qf4+ Kh3 88. Qxd2 Kg3 89. Qe3+ Kh2 90. Kf4 Kh1 91. Qd2 Kg1 92. Kg3 Kf1 93. Qd1# 1-0

[Event "Titled Tuesday intern op 6th June"]
[Site "Chess.com INT"]
[Date "2020.06.02"]
[Round "1"]
[White "Diaz Camallonga, Carles"]
[Black "Grabinsky, Joshua"]
[Result "1-0"]
[WhiteElo "2467"]
[BlackElo "2251"]
[PlyCount "65"]
[EventDate "2020.06.02"]
[EventType "swiss (blitz)"]
[EventRounds "10"]
[EventCountry "USA"]
[SourceTitle "CBM 196 Extra"]
[Source "ChessBase"]
[SourceDate "2020.07.31"]
[SourceVersion "1"]
[SourceVersionDate "2020.07.31"]
[SourceQuality "1"]

1. e4 e6 2. d4 d5 3. Nc3 Bb4 4. e5 c5 5. Bd2 Ne7 6. a3 Bxc3 7. Bxc3 Nbc6 8. Nf3 0-0 9. dxc5 Ng6 10. Qe2 f6 11. exf6 gxf6 12. 0-0-0 e5 13. b4 Be6 14. h4 d4 15. Bb2 a5 16. b5 Nce7 17. Nxd4 Nf4 18. Qd2 Qd5 19. Nxe6 Qxe6 20. g3 Nfg6 21. h5 Nh8 22. Qc3 Nf7 23. Bc4 Qf5 24. f4 exf4 25. Qxf6 Qxf6 26. Bxf6 Nf5 27. gxf4 Rfe8 28. Rd7 N5h6 29. Rg1+ Kf8 30. Bg7+ Kg8 31. Bxh6+ Kh8 32. Bg7+ Kg8 33. Bxf7# 1-0

[Event "Titled Tuesday intern op 19th May"]
[Site "Chess.com INT"]
[Date "2020.05.19"]
[Round "3"]
[White "Grabinsky, Joshua"]
[Black "Awatramani, Janak"]
[Result "1-0"]
[WhiteElo "2251"]
[BlackElo "2213"]
[PlyCount "107"]
[EventDate "2020.05.19"]
[EventType "swiss (blitz)"]
[EventRounds "10"]
[EventCountry "USA"]
[SourceTitle "EXT 2021"]
[Source "ChessBase"]
[SourceDate "2020.10.23"]
[SourceVersion "1"]
[SourceVersionDate "2020.10.23"]
[SourceQuality "1"]

1. e4 a6 2. d4 b5 3. a4 Bb7 4. axb5 axb5 5. Rxa8 Bxa8 6. f3 b4 7. Nd2 e6 8. c4 bxc3 9. bxc3 Nf6 10. Bd3 d5 11. e5 Nfd7 12. f4 c5 13. Ne2 g6 14. Nf3 Nc6 15. Be3 Qb6 16. 0-0 Bb7 17. g4 h5 18. h3 hxg4 19. hxg4 Ba6 20. Kg2 Bxd3 21. Qxd3 c4 22. Qb1 Qxb1 23. Rxb1 Be7 24. Ng3 Kd8 25. f5 gxf5 26. gxf5 exf5 27. Nxf5 Rg8+ 28. Kf2 Kc7 29. Bf4 Kc8 30. Rb5 Nf8 31. Rb6 Rg6 32. Rxc6+ Rxc6 33. Nxe7+ Kd7 34. Nxc6 Kxc6 35. Ng5 Ng6 36. Kg3 Kb5 37. Nxf7 Ka4 38. e6 Kb3 39. Bd2 Kc2 40. Be1 Kd1 41. Ne5 Ne7 42. Kf2 Nf5 43. Ng6 Nd6 44. e7 Ne4+ 45. Ke3 Nd6 46. Bg3 Nf5+ 47. Kf4 Ng7 48. Ke5 Kd2 49. Kf6 Nh5+ 50. Kf7 Nxg3 51. e8Q Ne4 52. Qe5 Nxc3 53. Nf4 Kc2 54. Nxd5 1-0

[Event "Titled Tuesday intern op 19th May"]
[Site "Chess.com INT"]
[Date "2020.05.19"]
[Round "5"]
[White "Grabinsky, Joshua"]
[Black "Jones, Gawain C B"]
[Result "0-1"]
[WhiteElo "2251"]
[BlackElo "2670"]
[PlyCount "66"]
[EventDate "2020.05.19"]
[EventType "swiss (blitz)"]
[EventRounds "10"]
[EventCountry "USA"]
[SourceTitle "EXT 2021"]
[Source "ChessBase"]
[SourceDate "2020.10.23"]
[SourceVersion "1"]
[SourceVersionDate "2020.10.23"]
[SourceQuality "1"]

1. e4 e5 2. Nf3 Nc6 3. d4 exd4 4. Nxd4 Nf6 5. Nxc6 bxc6 6. e5 Qe7 7. Qe2 Nd5 8. c4 Ba6 9. Nd2 g6 10. Nf3 Qb4+ 11. Kd1 Ne7 12. a3 Qb6 13. Be3 c5 14. b4 Nf5 15. b5 Bb7 16. a4 Bg7 17. a5 Qe6 18. Bxc5 d6 19. Bb4 0-0 20. Bc3 dxe5 21. Ng5 Qe7 22. Ne4 Rad8+ 23. Kc2 Nd4+ 24. Bxd4 exd4 25. Re1 d3+ 26. Qxd3 Rxd3 27. Bxd3 Qa3 28. Rb1 Bxe4 29. Bxe4 Qc3+ 30. Kd1 Rd8+ 31. Ke2 Rd2+ 32. Kf1 Qxc4+ 33. Bd3 Qxd3+ 0-1

[Event "Titled Tuesday intern op 19th May"]
[Site "Chess.com INT"]
[Date "2020.05.19"]
[Round "10"]
[White "Grabinsky, Joshua"]
[Black "Magallanes, Rey Jomar"]
[Result "0-1"]
[WhiteElo "2251"]
[BlackElo "2036"]
[PlyCount "178"]
[EventDate "2020.05.19"]
[EventType "swiss (blitz)"]
[EventRounds "10"]
[EventCountry "USA"]
[SourceTitle "EXT 2021"]
[Source "ChessBase"]
[SourceDate "2020.10.23"]
[SourceVersion "1"]
[SourceVersionDate "2020.10.23"]
[SourceQuality "1"]

1. e4 c5 2. Nf3 d6 3. d4 cxd4 4. Nxd4 a6 5. Nc3 e6 6. g3 b5 7. Bg2 Bb7 8. a3 Nd7 9. Be3 Ngf6 10. 0-0 Nc5 11. f3 d5 12. e5 Nfd7 13. f4 Be7 14. Qh5 g6 15. Qf3 h5 16. h3 Ne4 17. Nxe4 dxe4 18. Qf2 Qc7 19. Rad1 Nb6 20. Nxe6 fxe6 21. Bxb6 Qc6 22. Be3 Rc8 23. c3 Qc4 24. Rd4 Qb3 25. Bxe4 Bxe4 26. Rxe4 0-0 27. g4 hxg4 28. hxg4 Kg7 29. Rd4 Rcd8 30. Rxd8 Bxd8 31. Bc5 Rh8 32. f5 Qd5 33. Qf3 Qxc5+ 34. Kg2 Qxe5 35. f6+ Kf8 36. Qf4 Bc7 37. Qxe5 Bxe5 38. Re1 Rh2+ 39. Kf3 Bxf6 40. Rxe6 Kf7 41. Rxa6 Rxb2 42. a4 bxa4 43. Ra7+ Be7 44. Rxa4 Rb3 45. Rc4 Bf6 46. Rc7+ Kg8 47. Kf4 Rxc3 48. Rd7 Rc4+ 49. Kf3 Bg7 50. Rb7 Kh7 51. Rb5 Kh6 52. Ra5 Bf6 53. Rb5 Rc3+ 54. Ke4 Rc4+ 55. Kf3 Bg5 56. Rb8 Rf4+ 57. Kg3 Rc4 58. Rh8+ Kg7 59. Ra8 Rc3+ 60. Kg2 Bf4 61. Ra7+ Kh6 62. Ra5 Re3 63. Kf2 Re5 64. Ra4 Kg5 65. Ra6 Rd5 66. Kf3 Rd3+ 67. Ke2 Rd6 68. Ra5+ Kxg4 69. Ra4 Rd2+ 70. Kf1 g5 71. Ra3 Rd4 72. Kg2 Rd2+ 73. Kf1 Bg3 74. Rb3 Rf2+ 75. Kg1 Kh3 76. Rb1 g4 77. Rb7 Re2 78. Rh7+ Bh4 79. Rf7 Re1+ 80. Rf1 Rxf1+ 81. Kxf1 Kh2 82. Ke2 g3 83. Kf3 g2 84. Kg4 g1Q+ 85. Kh5 Qg3 86. Kh6 Qg5+ 87. Kh7 Bg3 88. Kh8 Be5+ 89. Kh7 Qg7# 0-1

[Event "Titled Tuesday intern op 12th May"]
[Site "Chess.com INT"]
[Date "2020.05.12"]
[Round "7"]
[White "Barria Zuniga, Daniel"]
[Black "Grabinsky, Joshua"]
[Result "1-0"]
[WhiteElo "2341"]
[BlackElo "2251"]
[PlyCount "113"]
[EventDate "2020.05.12"]
[EventType "swiss (blitz)"]
[EventRounds "10"]
[EventCountry "USA"]
[SourceTitle "EXT 2021"]
[Source "ChessBase"]
[SourceDate "2020.10.23"]
[SourceVersion "1"]
[SourceVersionDate "2020.10.23"]
[SourceQuality "1"]

1. d4 c5 2. d5 e5 3. c4 d6 4. Nc3 g6 5. e4 Bg7 6. h4 h6 7. h5 g5 8. g4 a6 9. a3 Ne7 10. b4 Nd7 11. f3 a5 12. Bd2 axb4 13. axb4 Rxa1 14. Qxa1 cxb4 15. Nb5 Nc5 16. Bxb4 0-0 17. Bxc5 dxc5 18. Qa7 Bd7 19. Rh2 Nc8 20. Qxc5 Qa5+ 21. Rd2 Nb6 22. Qa3 Ra8 23. Qxa5 Rxa5 24. Bd3 Bf8 25. Ke2 Nxc4 26. Bxc4 Bxb5 27. Bxb5 Rxb5 28. Nh3 Bc5 29. Nf2 Bxf2 30. Kxf2 Kf8 31. d6 Ke8 32. d7+ Kd8 33. Rd6 Rb2+ 34. Kg3 b5 35. Rxh6 Kxd7 36. Rb6 Kc7 37. Rf6 Rb1 38. Rxf7+ Kc6 39. Rf5 b4 40. Rxg5 b3 41. Rg6+ Kc5 42. Rg8 b2 43. Rc8+ Kd6 44. Rb8 Rg1+ 45. Kh4 b1Q 46. Rxb1 Rxb1 47. Kg5 Ke6 48. Kg6 Rf1 49. h6 Rxf3 50. h7 Rf8 51. g5 Ke7 52. Kh6 Rf4 53. h8Q Rh4+ 54. Kg7 Rxh8 55. Kxh8 Kf7 56. Kh7 Ke6 57. g6 1-0